[Event "FRM-chT 22nd"]
[Site "Struga"]
[Date "2013.08.04"]
[Round "7.5"]
[White "Koteski, Djorgji"]
[Black "Jazadzievski, Miodrag"]
[Result "1/2-1/2"]
[WhiteElo "2261"]
[BlackElo "2244"]
[PlyCount "39"]
[EventDate "2013.07.29"]
[EventType "team-tourn"]
[EventRounds "7"]
[EventCountry "MKD"]
[SourceTitle "CBM 155 Extra"]
[Source "ChessBase"]
[SourceDate "2013.08.26"]
[SourceVersion "1"]
[SourceVersionDate "2013.08.26"]
[SourceQuality "1"]
[WhiteTeam "Prilep"]
[BlackTeam "Bitola Stevo Patako"]
[WhiteTeamCountry "MKD"]
[BlackTeamCountry "MKD"]

1. d4 Nf6 2. Nf3 g6 3. Bg5 Bg7 4. Nbd2 0-0 5. e3 d6 6. Bc4 c5 7. c3 cxd4 8. exd4 h6 9. Bh4 Nc6 10. 0-0 g5 11. Bg3 Nh5 12. Nxg5 Nxg3 13. Nxf7 Rxf7 14. Bxf7+ Kxf7 15. fxg3+ Kg8 16. Qh5 Bd7 17. Rae1 Qe8 18. Qd5+ Kh8 19. Nf3 Bf6 20. Nh4 1/2-1/2

[Event "FRM-chT 22nd"]
[Site "Struga"]
[Date "2013.08.03"]
[Round "6.5"]
[White "Jazadzievski, Miodrag"]
[Black "Hristovski, Srdzan"]
[Result "1/2-1/2"]
[WhiteElo "2244"]
[BlackElo "2132"]
[PlyCount "102"]
[EventDate "2013.07.29"]
[EventType "team-tourn"]
[EventRounds "7"]
[EventCountry "MKD"]
[SourceTitle "CBM 155 Extra"]
[Source "ChessBase"]
[SourceDate "2013.08.26"]
[SourceVersion "1"]
[SourceVersionDate "2013.08.26"]
[SourceQuality "1"]
[WhiteTeam "Bitola Stevo Patako"]
[BlackTeam "Kumanovo"]
[WhiteTeamCountry "MKD"]
[BlackTeamCountry "MKD"]

1. e4 Nf6 2. e5 Nd5 3. c4 Nb6 4. c5 Nd5 5. Bc4 e6 6. d4 d6 7. cxd6 cxd6 8. Nf3 Nc6 9. Qe2 Be7 10. 0-0 dxe5 11. dxe5 Qc7 12. Rd1 Nb6 13. Bb3 Bd7 14. Nc3 a6 15. Bf4 h6 16. Rac1 Rd8 17. Ne4 Bc8 18. Nd6+ Kf8 19. Qe4 Qb8 20. Be3 Nd5 21. Nxc8 Qxc8 22. Bxd5 exd5 23. Rxd5 Qe6 24. Rxd8+ Bxd8 25. b3 g6 26. Qd3 Kg7 27. Nd4 Nxd4 28. Bxd4 Re8 29. Qe4 Re7 30. Be3 Rd7 31. h4 h5 32. Bg5 Bxg5 33. hxg5 Rd5 34. Re1 b5 35. Re2 Rd1+ 36. Kh2 Kg8 37. Qf4 a5 38. f3 Rd5 39. Qf6 b4 40. Kg3 Kh7 41. Qxe6 fxe6 42. Kf4 Kg7 43. Rc2 Kf7 44. g3 Ke7 45. Rc7+ Kf8 46. Ra7 Rc5 47. Ke4 Rd5 48. f4 Rc5 49. Kf3 Rc3+ 50. Kg2 Rc2+ 51. Kh3 Rxa2 1/2-1/2

[Event "FRM-chT 22nd"]
[Site "Struga"]
[Date "2013.08.01"]
[Round "4.5"]
[White "Jazadzievski, Miodrag"]
[Black "Jacimovic, Dragoljub"]
[Result "0-1"]
[WhiteElo "2244"]
[BlackElo "2429"]
[PlyCount "74"]
[EventDate "2013.07.29"]
[EventType "team-tourn"]
[EventRounds "7"]
[EventCountry "MKD"]
[SourceTitle "CBM 155 Extra"]
[Source "ChessBase"]
[SourceDate "2013.08.26"]
[SourceVersion "1"]
[SourceVersionDate "2013.08.26"]
[SourceQuality "1"]
[WhiteTeam "Bitola Stevo Patako"]
[BlackTeam "Skopje Alkaloid"]
[WhiteTeamCountry "MKD"]
[BlackTeamCountry "MKD"]

1. e4 e6 2. d4 d5 3. Nc3 Bb4 4. e5 c5 5. a3 Bxc3+ 6. bxc3 Ne7 7. Qg4 0-0 8. Nf3 Nbc6 9. Bd3 Qa5 10. Bd2 f5 11. exf6 Rxf6 12. Qh4 Nf5 13. Qh3 c4 14. Bxf5 Rxf5 15. g4 Rf8 16. Qg3 Bd7 17. h4 Rae8 18. Ne5 Nxe5 19. Qxe5 Qa4 20. Ra2 Qb5 21. 0-0 Rf3 22. Kg2 Ref8 23. Qe2 e5 24. Qxf3 Rxf3 25. Kxf3 exd4 26. Re1 dxc3 27. Bxc3 d4 28. Bxd4 Qd5+ 29. Ke3 Qe6+ 30. Kd2 c3+ 31. Bxc3 Qxa2 32. Re7 Ba4 33. Rxg7+ Kf8 34. Rc7 Qxc2+ 35. Ke3 Qc1+ 36. Ke2 Bb5+ 37. Kf3 Bc6+ 0-1

[Event "FRM-chT 22nd"]
[Site "Struga"]
[Date "2013.07.31"]
[Round "3.5"]
[White "Petkovski, Vlatko"]
[Black "Jazadzievski, Miodrag"]
[Result "1/2-1/2"]
[WhiteElo "2143"]
[BlackElo "2244"]
[PlyCount "34"]
[EventDate "2013.07.29"]
[EventType "team-tourn"]
[EventRounds "7"]
[EventCountry "MKD"]
[SourceTitle "CBM 155 Extra"]
[Source "ChessBase"]
[SourceDate "2013.08.26"]
[SourceVersion "1"]
[SourceVersionDate "2013.08.26"]
[SourceQuality "1"]
[WhiteTeam "Skopje Kisela Voda"]
[BlackTeam "Bitola Stevo Patako"]
[WhiteTeamCountry "MKD"]
[BlackTeamCountry "MKD"]

1. e4 c5 2. Nf3 d6 3. c3 Nf6 4. h3 Nc6 5. Bd3 g6 6. Bc2 Bg7 7. 0-0 0-0 8. Re1 Qc7 9. d4 cxd4 10. cxd4 e5 11. Nc3 exd4 12. Nxd4 a6 13. Bf4 Ne5 14. Bb3 Bd7 15. Rc1 Qb6 16. Bg5 Rac8 17. Re2 Bxh3 1/2-1/2

[Event "FRM-chT 22nd"]
[Site "Struga"]
[Date "2013.07.29"]
[Round "1.5"]
[White "Jazadzievski, Miodrag"]
[Black "Ismaili, Vahidin"]
[Result "1-0"]
[WhiteElo "2244"]
[BlackElo "1902"]
[PlyCount "75"]
[EventDate "2013.07.29"]
[EventType "team-tourn"]
[EventRounds "7"]
[EventCountry "MKD"]
[SourceTitle "CBM 155 Extra"]
[Source "ChessBase"]
[SourceDate "2013.08.26"]
[SourceVersion "1"]
[SourceVersionDate "2013.08.26"]
[SourceQuality "1"]
[WhiteTeam "Bitola Stevo Patako"]
[BlackTeam "Skopje Karposh"]
[WhiteTeamCountry "MKD"]
[BlackTeamCountry "MKD"]

1. e4 e5 2. Nf3 Nf6 3. Nc3 Bb4 4. Nxe5 d6 5. Nd3 Bxc3 6. dxc3 Nxe4 7. Be2 0-0 8. 0-0 Nd7 9. Re1 Nec5 10. Nxc5 Nxc5 11. Bf3 Rb8 12. Be3 b6 13. Bxc5 bxc5 14. b3 Bb7 15. Bxb7 Rxb7 16. Qf3 Rb6 17. c4 Re8 18. Rxe8+ Qxe8 19. Kf1 Qc6 20. Re1 h6 21. Qxc6 Rxc6 22. Re8+ Kh7 23. Ke2 g5 24. Kd3 f5 25. f3 h5 26. h4 g4 27. Ke3 Kg6 28. Kf4 gxf3 29. gxf3 Kf7 30. Rh8 Kg6 31. Rg8+ Kh6 32. Kxf5 Rb6 33. Rh8+ Kg7 34. Rc8 Ra6 35. Rxc7+ Kh6 36. a4 d5 37. cxd5 Rd6 38. Rc6 1-0

[Event "FRM-chT 21st"]
[Site "Struga"]
[Date "2012.07.18"]
[Round "3.6"]
[White "Kukov, Tode"]
[Black "Jazadzievski, Miodrag"]
[Result "0-1"]
[WhiteElo "2118"]
[BlackElo "2250"]
[PlyCount "70"]
[EventDate "2012.07.16"]
[EventType "team-tourn"]
[EventRounds "7"]
[EventCountry "MKD"]
[SourceTitle "CBM 149 Extra"]
[Source "ChessBase"]
[SourceDate "2012.08.24"]
[SourceVersion "1"]
[SourceVersionDate "2012.08.24"]
[SourceQuality "1"]
[WhiteTeam "Skopje Karposh"]
[BlackTeam "Skopje Aseko See"]
[WhiteTeamCountry "MKD"]
[BlackTeamCountry "MKD"]

1. d4 Nf6 2. c4 g6 3. g3 Bg7 4. Bg2 d6 5. Nc3 0-0 6. Nf3 Nc6 7. 0-0 e5 8. d5 Ne7 9. e4 Nd7 10. Ne1 f5 11. Nd3 Nf6 12. Bg5 fxe4 13. Bxf6 Bxf6 14. Nxe4 Nf5 15. Qd2 Bg7 16. f4 c6 17. Kh1 cxd5 18. cxd5 Qb6 19. fxe5 dxe5 20. Rae1 Bd7 21. Nec5 Bb5 22. b4 Rad8 23. g4 Bh6 24. Qc3 Ne3 25. Rxf8+ Rxf8 26. Rxe3 Bxe3 27. Qxe5 Re8 28. Ne6 Bd4 29. Qe4 Bxd3 30. Qxd3 Be5 31. Qd2 Qd6 32. Qf2 Rc8 33. Bf3 Bxh2 34. Qh4 Rc1+ 35. Kg2 Rg1+ 0-1

[Event "FRM-chT 18th"]
[Site "Struga"]
[Date "2009.08.12"]
[Round "3"]
[White "Jazadzievski, Miodrag"]
[Black "Nestorovic, Dejan"]
[Result "0-1"]
[WhiteElo "2247"]
[BlackElo "2405"]
[PlyCount "68"]
[EventDate "2009.08.10"]
[EventType "team-tourn"]
[EventRounds "7"]
[EventCountry "MKD"]
[SourceTitle "CBM 131 Extra"]
[Source "ChessBase"]
[SourceDate "2009.09.03"]
[SourceVersion "2"]
[SourceVersionDate "2009.09.16"]
[SourceQuality "1"]

1. e4 c5 2. c3 Nf6 3. e5 Nd5 4. d4 cxd4 5. Nf3 e6 6. cxd4 d6 7. Nc3 Nxc3 8. bxc3 Qc7 9. Bd2 Nd7 10. Bd3 dxe5 11. Ng5 Nf6 12. Qf3 Bd6 13. Qh3 Bd7 14. 0-0 h6 15. Rae1 exd4 16. cxd4 Bxh2+ 17. Kh1 Bf4 18. Bxf4 Qxf4 19. Ne4 Bc6 20. f3 Rd8 21. g3 Qc7 22. Nxf6+ gxf6 23. Bg6 Kf8 24. Qh4 Qe7 25. Bc2 f5 26. Qf4 Qf6 27. d5 Bxd5 28. Re5 Rg8 29. Bxf5 exf5 30. Rxf5 Qd6 31. Rxd5 Qxd5 32. Qxh6+ Ke7 33. Qh4+ Qg5 34. Qb4+ Kf6 0-1

[Event "FRM-chT 18th"]
[Site "Struga"]
[Date "2009.08.10"]
[Round "1"]
[White "Jazadzievski, Miodrag"]
[Black "Vasovski, Nikola"]
[Result "1-0"]
[WhiteElo "2247"]
[BlackElo "2358"]
[PlyCount "59"]
[EventDate "2009.08.10"]
[EventType "team-tourn"]
[EventRounds "7"]
[EventCountry "MKD"]
[SourceTitle "CBM 131 Extra"]
[Source "ChessBase"]
[SourceDate "2009.09.03"]
[SourceVersion "2"]
[SourceVersionDate "2009.09.16"]
[SourceQuality "1"]

1. e4 c5 2. c3 d6 3. d4 Nf6 4. dxc5 Nc6 5. Bc4 Ne5 6. Be2 Nxe4 7. Qa4+ Bd7 8. Qxe4 Bc6 9. Qe3 Bxg2 10. f4 Bxh1 11. fxe5 dxe5 12. Nf3 f6 13. Bb5+ Kf7 14. Qe4 Bxf3 15. Qxf3 e6 16. Qxb7+ Be7 17. Bc4 Re8 18. Qc6 Bf8 19. Be3 Rc8 20. Qb7+ Rc7 21. Qb5 Qa8 22. Nd2 Qh1+ 23. Bf1 Rb7 24. Qa4 Rxb2 25. 0-0-0 Rbb8 26. Bb5 Qa8 27. Bc6 Rb7 28. Nc4 Reb8 29. Rd7+ Kg8 30. Rxb7 1-0

[Event "FRM-chT 17th"]
[Site "Struga"]
[Date "2008.08.06"]
[Round "3"]
[White "Colovic, Aleksandar"]
[Black "Jazadzievski, Miodrag"]
[Result "1-0"]
[WhiteElo "2471"]
[BlackElo "2246"]
[PlyCount "73"]
[EventDate "2008.08.04"]
[EventType "team"]
[EventRounds "7"]
[EventCountry "MKD"]
[SourceTitle "CBM 125 Extra"]
[Source "ChessBase"]
[SourceDate "2008.09.01"]
[SourceVersion "1"]
[SourceVersionDate "2008.09.01"]
[SourceQuality "1"]

1. d4 Nf6 2. c4 g6 3. g3 Bg7 4. Bg2 0-0 5. Nc3 d6 6. Nf3 Nc6 7. 0-0 e5 8. d5 Ne7 9. e4 Nd7 10. Ne1 f5 11. Nd3 Nf6 12. Bg5 h6 13. Bxf6 Bxf6 14. f4 exf4 15. Nxf4 c6 16. Kh1 g5 17. Ne6 Bxe6 18. dxe6 Be5 19. Qh5 Bg7 20. exf5 Nxf5 21. Be4 Ne7 22. Rf7 Rxf7 23. exf7+ Kf8 24. Bg2 Qb6 25. Ne4 Qxb2 26. Rd1 Rd8 27. h4 Qe5 28. hxg5 Nf5 29. gxh6 Nxh6 30. Ng5 Nf5 31. Nh7+ Ke7 32. Qg5+ Bf6 33. Qxf6+ Qxf6 34. Nxf6 Kxf6 35. g4 Nh6 36. Rxd6+ Ke7 37. Rxd8 1-0

[Event "FRM-chT 17th"]
[Site "Struga"]
[Date "2008.08.04"]
[Round "1"]
[White "Andonovski, Ljubisa"]
[Black "Jazadzievski, Miodrag"]
[Result "1-0"]
[WhiteElo "2300"]
[BlackElo "2246"]
[PlyCount "133"]
[EventDate "2008.08.04"]
[EventType "team"]
[EventRounds "7"]
[EventCountry "MKD"]
[SourceTitle "CBM 125 Extra"]
[Source "ChessBase"]
[SourceDate "2008.09.01"]
[SourceVersion "1"]
[SourceVersionDate "2008.09.01"]
[SourceQuality "1"]

1. d4 Nf6 2. c4 g6 3. Nc3 Bg7 4. e4 d6 5. Nf3 0-0 6. Be2 e5 7. Be3 Ng4 8. Bg5 f6 9. Bc1 Nc6 10. d5 Nd4 11. Nxd4 exd4 12. Nb5 f5 13. 0-0 Ne5 14. exf5 d3 15. Bxd3 Nxd3 16. Qxd3 Bxf5 17. Qd1 Qf6 18. Nxc7 Rac8 19. Ne6 Bxe6 20. dxe6 Qxe6 21. Be3 b6 22. Bd4 Bxd4 23. Qxd4 Rxc4 24. Qd3 Re4 25. b3 Re2 26. Qd4 d5 27. a4 Qe4 28. Rad1 Qxd4 29. Rxd4 Rd8 30. Rfd1 Rb2 31. g3 Rxb3 32. Rxd5 Rxd5 33. Rxd5 a5 34. Rd7 Rb4 35. Rb7 h5 36. h4 Kf8 37. Kg2 Ke8 38. f3 Kd8 39. Kh3 Kc8 40. Rg7 Rxa4 41. Rxg6 Rb4 42. Rg8+ Kb7 43. g4 a4 44. gxh5 a3 45. Rg1 Ra4 46. h6 Ra8 47. h7 Rh8 48. Ra1 Rxh7 49. Rxa3 Kc6 50. Kg4 Kd5 51. Rb3 Rb7 52. h5 b5 53. Kg5 Ke6 54. Kg6 Ke5 55. h6 Rb6+ 56. Kg5 Rb8 57. h7 Kd4 58. f4 Kc4 59. Rb1 b4 60. f5 b3 61. f6 Kc3 62. Kg6 Kc2 63. Rh1 b2 64. Kg7 b1Q 65. Rxb1 Kxb1 66. h8Q Rxh8 67. Kxh8 1-0

[Event "FRM-chT"]
[Site "Struga"]
[Date "2007.07.27"]
[Round "5"]
[White "Trkaljanov, Vladimir"]
[Black "Jazadzievski, Miodrag"]
[Result "1-0"]
[WhiteElo "2241"]
[BlackElo "224"]
[PlyCount "61"]
[EventDate "2007.07.23"]
[EventType "team"]
[EventRounds "7"]
[EventCountry "MKD"]
[SourceTitle "CBM 119 Extra"]
[Source "ChessBase"]
[SourceDate "2007.09.04"]
[SourceVersion "1"]
[SourceVersionDate "2007.09.04"]
[SourceQuality "1"]

1. e4 c5 2. Nf3 d6 3. d4 cxd4 4. Nxd4 Nf6 5. Nc3 a6 6. Bg5 e6 7. f4 Qb6 8. Qd2 Qxb2 9. Rb1 Qa3 10. e5 dxe5 11. fxe5 Nfd7 12. Ne4 Nc6 13. Nxc6 bxc6 14. Rb3 Qa4 15. c4 h6 16. Bh4 g5 17. Bf2 Be7 18. h4 Rg8 19. hxg5 hxg5 20. Be2 Rb8 21. Rxb8 Nxb8 22. 0-0 Nd7 23. Be3 Qa3 24. Bh5 Nxe5 25. Qf2 Rf8 26. Bd4 Nd7 27. Bxf7+ Kd8 28. Bb6+ Nxb6 29. Qxb6+ Kd7 30. Rd1+ Bd6 31. Qa7+ 1-0